|
|
|
|
| LEADER |
01919cam a2200517 a 4500 |
| 001 |
nkc20142624166 |
| 003 |
CZ PrNK |
| 005 |
20141111152913.0 |
| 007 |
ta |
| 008 |
140808s2014 xr a b f 000 0 cze d |
| 015 |
|
|
|a cnb002624166
|
| 020 |
|
|
|a 978-80-256-1345-0
|q (váz.)
|
| 035 |
|
|
|a (OCoLC)897869160
|
| 040 |
|
|
|a KMG001
|b cze
|d CBA001
|d BOA001
|d ABA001
|d OLA001
|
| 041 |
1 |
|
|a cze
|h eng
|
| 072 |
|
7 |
|a 611
|x Anatomie člověka a srovnávací anatomie
|2 Konspekt
|9 14
|
| 072 |
|
7 |
|a 0/9-053.2
|x Literatura pro děti a mládež (naučná)
|2 Konspekt
|9 26
|
| 080 |
|
|
|a 611/612
|2 MRF
|
| 080 |
|
|
|a 616-092.11
|2 MRF
|
| 080 |
|
|
|a (084.11)
|2 MRF
|
| 080 |
|
|
|a (0.053.2)
|2 MRF
|
| 100 |
1 |
|
|a Daynes, Katie
|7 kv2011648706
|4 aut
|
| 245 |
1 |
0 |
|a Co se skrývá v lidském těle :
|b podívej se pod obrázek /
|c [napsala Katie Daynes ; ilustrace Marie-Eve Tremblay]
|
| 250 |
|
|
|a 1. české vyd.
|
| 260 |
|
|
|a Praha :
|b Svojtka & Co.,
|c 2014
|
| 300 |
|
|
|a 13 s. :
|b barev. il. ;
|c 29 cm
|
| 490 |
1 |
|
|a Podívej se pod obrázek
|
| 500 |
|
|
|a Z angličtiny přeložila Vlasta Benešová
|
| 500 |
|
|
|a Kartonové listy s odklápěcími okénky
|
| 521 |
8 |
|
|a Pro děti od 3 let
|
| 650 |
0 |
7 |
|a lidské tělo
|7 ph122345
|2 czenas
|
| 650 |
0 |
7 |
|a zdraví a nemoc
|7 ph158519
|2 czenas
|
| 650 |
0 |
9 |
|a human body
|2 eczenas
|
| 650 |
0 |
9 |
|a health and disease
|2 eczenas
|
| 655 |
|
7 |
|a obrazové publikace
|7 fd132947
|2 czenas
|
| 655 |
|
7 |
|a publikace pro děti
|7 fd133156
|2 czenas
|
| 655 |
|
9 |
|a pictorial works
|2 eczenas
|
| 655 |
|
9 |
|a children's literature
|2 eczenas
|
| 700 |
1 |
|
|a Tremblay, Marie-Ève,
|d 1978-
|7 kv2013781650
|4 ill
|
| 765 |
0 |
|
|t Lift-the-flap question and answers about your body
|9 Česky
|
| 830 |
|
0 |
|a Podívej se pod obrázek
|0 s
|
| 910 |
2 |
|
|a BOA001
|b 4-1333.335
|
| 990 |
|
|
|a BK
|
| 995 |
|
|
|a 01
|
| 991 |
|
|
|b 201411
|c NOV
|e dn
|
| 996 |
6 |
|
|b 2610607594
|c 4-1333.335
|l MZK
|r Sklad / do 1 hodiny
|n 0
|p p.v.
|w 001464298
|u 000010
|a 1
|e BOA001
|j MZK50
|s P
|